[Event "WTCC-65 2018"]
[Site "Radebeul"]
[Date "2018.07.12"]
[Round "6"]
[White "Buchal, Stephan"]
[Black "Povah, Nigel E"]
[Result "0-1"]
[WhiteElo "2329"]
[BlackElo "2245"]
[Annotator "NA"]
[PlyCount "84"]
[EventDate "2018.07.07"]
[EventType "team-tourn"]
[EventCountry "GER"]
[SourceTitle "playchess.com"]
[Source "ChessBase"]
[SourceQuality "1"]
[TimeControl "40/5400+30:1800+30"]

1. Nf3 {[%emt 0:00:00]} d5 {[%emt 0:00:00]} 2. c4 {[%emt 0:00:04]} d4 {[%emt 0:00:00]} 3. b4 {[%emt 0:01:36]} f6 {[%emt 0:00:27]} 4. Na3 {[%emt 0:01:19]} e5 {[%emt 0:04:47]} 5. Nc2 {[%emt 0:00:37]} c5 {[%emt 0:06:59]} 6. a3 {[%emt 0:02:21]} e4 {[%emt 0:05:08]} 7. Ng1 {[%emt 0:00:36]} f5 {[%emt 0:00:34]} 8. d3 {[%emt 0:01:24]} Nc6 {[%emt 0:03:50]} 9. Rb1 {[%emt 0:08:11]} a5 {[%emt 0:09:19]} 10. g3 {[%emt 0:09:59]} Nf6 {[%emt 0:04:28]} 11. Bg2 {[%emt 0:09:33]} Bd6 {[%emt 0:15:13]} 12. bxc5 {[%emt 0:04:04]} Bxc5 {[%emt 0:00:09]} 13. Nh3 {[%emt 0:00:45]} O-O {[%emt 0:04:55]} 14. O-O {[%emt 0:00:19]} h6 {[%emt 0:03:28]} 15. e3 {[%emt 0:13:23]} exd3 {[%emt 0:11:08]} 16. Nxd4 {[%emt 0:02:47]} Bxd4 {[%emt 0:08:09]} 17. exd4 {[%emt 0:00:14]} Qxd4 {[%emt 0:00:16]} 18. Nf4 {[%emt 0:05:27]} Qxc4 {[%emt 0:02:32]} 19. Bb2 {[%emt 0:18:28]} Ne4 {[%emt 0:01:52]} 20. Qh5 {[%emt 0:06:40]} Qf7 {[%emt 0:02:00]} 21. Rfd1 {[%emt 0:01:35]} Rd8 {[%emt 0:03:56]} 22. Rxd3 {[%emt 0:05:34]} Rxd3 {[%emt 0:00:26]} 23. Qxf7+ {[%emt 0:00:02]} Kxf7 {[%emt 0:00:08]} 24. Nxd3 {[%emt 0:00:04]} Be6 {[%emt 0:05:53]} 25. Ba1 {[%emt 0:02:39]} Nd8 {[%emt 0:01:31]} 26. g4 {[%emt 0:02:15]} Ra6 {[%emt 0:03:02]} 27. Rb5 {[%emt 0:01:01]} Nd6 {[%emt 0:00:25]} 28. Rc5 {[%emt 0:00:21]} fxg4 {[%emt 0:00:15]} 29. Rc7+ {[%emt 0:00:33]} Ke8 {[%emt 0:00:35]} 30. Bxg7 {[%emt 0:00:46]} Rb6 {[%emt 0:00:36]} 31. Bxh6 {[%emt 0:01:11]} Rb3 {[%emt 0:00:21]} 32. Nf4 {[%emt 0:00:48]} Rb1+ {[%emt 0:00:11]} 33. Bf1 {[%emt 0:00:32]} Bc4 {[%emt 0:00:01]} 34. Rxc4 {[%emt 0:00:23]} Nxc4 {[%emt 0:00:06]} 35. Kg2 {[%emt 0:00:22]} Nxa3 {[%emt 0:00:24]} 36. Bd3 {[%emt 0:00:23]} Rb6 {[%emt 0:01:57]} 37. Bg7 {[%emt 0:00:38]} Nb1 {[%emt 0:02:10]} 38. Nd5 {[%emt 0:00:45]} Rd6 {[%emt 0:00:50]} 39. Nc7+ {[%emt 0:00:28]} Kf7 {[%emt 0:00:24]} 40. Bxb1 {[%emt 0:00:11]} Rb6 {[%emt 0:00:26]} 41. Bc3 {[%emt 0:03:54]} Rxb1 {[%emt 0:00:37]} 42. Bxa5 {[%emt 0:00:06]} Ne6 {[%emt 0:02:21]} 0-1

[Event "WTCC-65 2018"]
[Site "Radebeul"]
[Date "2018.07.12"]
[Round "6"]
[White "Mishuchkov, Nikolai M"]
[Black "Postler, Reinhard"]
[Result "1/2-1/2"]
[WhiteElo "2311"]
[BlackElo "2243"]
[Annotator "NA"]
[PlyCount "53"]
[EventDate "2018.07.07"]
[EventType "team-tourn"]
[EventCountry "GER"]
[SourceTitle "playchess.com"]
[Source "ChessBase"]
[SourceQuality "1"]
[TimeControl "40/5400+30:1800+30"]

1. Nf3 {[%emt 0:00:00]} d5 {[%emt 0:00:00]} 2. e3 {[%emt 0:00:00]} Nf6 {[%emt 0:00:02]} 3. c4 {[%emt 0:00:00]} c6 {[%emt 0:00:07]} 4. Nc3 {[%emt 0:00:00]} e6 {[%emt 0:00:07]} 5. b3 {[%emt 0:00:44]} Nbd7 {[%emt 0:00:25]} 6. Bb2 {[%emt 0:00:00]} Bd6 {[%emt 0:00:13]} 7. d4 {[%emt 0:02:34]} O-O {[%emt 0:01:10]} 8. Bd3 {[%emt 0:00:06]} Re8 {[%emt 0:05:44]} 9. O-O {[%emt 0:00:42]} b6 {[%emt 0:02:15]} 10. e4 dxe4 11. Nxe4 {[%emt 0:12:36]} Nxe4 {[%emt 0:00:59]} 12. Bxe4 {[%emt 0:00:07]} Bb7 {[%emt 0:01:11]} 13. Ne5 {[%emt 0:01:10]} f5 {[%emt 0:19:57]} 14. Nxd7 {[%emt 0:10:52]} fxe4 {[%emt 0:01:57]} 15. Ne5 {[%emt 0:00:06]} c5 {[%emt 0:00:49]} 16. dxc5 {[%emt 0:03:26]} Bxc5 {[%emt 0:05:09]} 17. Qd7 {[%emt 0:02:22]} Qe7 {[%emt 0:09:55]} 18. Rad1 {[%emt 0:02:22]} Rad8 {[%emt 0:04:45]} 19. Qxe7 {[%emt 0:00:20]} Bxe7 {[%emt 0:00:03]} 20. Nd7 Bc6 21. Ne5 Bb7 22. Nd7 Bg5 23. Ne5 Be7 24. Rfe1 Bb4 25. Rf1 Bc5 26. Ng4 Rd3 27. Ne5 1/2-1/2

[Event "WTCC-65 2018"]
[Site "Radebeul"]
[Date "2018.07.12"]
[Round "6"]
[White "Berry, Stephen H"]
[Black "Schmidt, Bodo"]
[Result "0-1"]
[WhiteElo "2298"]
[BlackElo "2344"]
[Annotator "NA"]
[PlyCount "86"]
[EventDate "2018.07.07"]
[EventType "team-tourn"]
[EventCountry "GER"]
[SourceTitle "playchess.com"]
[Source "ChessBase"]
[SourceQuality "1"]
[TimeControl "40/5400+30:1800+30"]

1. c4 {[%emt 0:00:00]} c6 {[%emt 0:02:34]} 2. Nf3 {[%emt 0:00:26]} d5 {[%emt 0:00:06]} 3. g3 {[%emt 0:00:14]} Nf6 {[%emt 0:01:58]} 4. Bg2 {[%emt 0:00:21]} Bg4 {[%emt 0:00:05]} 5. Ne5 {[%emt 0:01:07]} Be6 {[%emt 0:00:06]} 6. O-O {[%emt 0:05:16]} dxc4 {[%emt 0:13:08]} 7. Na3 {[%emt 0:01:17]} Qd4 {[%emt 0:01:00]} 8. Nf3 {[%emt 0:00:35]} Qc5 {[%emt 0:05:49]} 9. Qc2 {[%emt 0:03:16]} Nbd7 {[%emt 0:00:19]} 10. h4 {[%emt 0:09:41]} Bd5 {[%emt 0:02:41]} 11. d3 {[%emt 0:05:28]} cxd3 {[%emt 0:01:00]} 12. Qxd3 {[%emt 0:00:08]} e5 {[%emt 0:05:36]} 13. Be3 {[%emt 0:07:37]} e4 {[%emt 0:03:47]} 14. Bxc5 {[%emt 0:09:18]} exd3 {[%emt 0:00:32]} 15. Bxf8 {[%emt 0:01:28]} dxe2 {[%emt 0:00:32]} 16. Rfe1 {[%emt 0:00:25]} Kxf8 {[%emt 0:00:14]} 17. Rxe2 {[%emt 0:00:08]} g6 {[%emt 0:02:10]} 18. Nd4 {[%emt 0:08:15]} Kg7 {[%emt 0:07:39]} 19. Bxd5 {[%emt 0:01:05]} Nxd5 {[%emt 0:00:10]} 20. Nc4 {[%emt 0:00:40]} N7f6 {[%emt 0:03:51]} 21. Na5 {[%emt 0:07:37]} c5 {[%emt 0:01:21]} 22. Nb5 {[%emt 0:02:41]} b6 {[%emt 0:04:34]} 23. Nc6 {[%emt 0:03:13]} Rhe8 {[%emt 0:01:18]} 24. Rae1 {[%emt 0:03:13]} Rxe2 {[%emt 0:05:53]} 25. Rxe2 {[%emt 0:00:07]} a5 {[%emt 0:00:03]} 26. Nd6 {[%emt 0:04:54]} Nb4 {[%emt 0:10:16]} 27. Nxb4 {[%emt 0:05:04]} axb4 {[%emt 0:00:27]} 28. Re7 {[%emt 0:00:09]} Rf8 {[%emt 0:04:55]} 29. Rb7 {[%emt 0:00:24]} Nd5 {[%emt 0:00:09]} 30. a3 {[%emt 0:04:00]} bxa3 {[%emt 0:04:04]} 31. bxa3 {[%emt 0:00:10]} Kf6 {[%emt 0:06:43]} 32. Kf1 {[%emt 0:00:19]} Ke5 {[%emt 0:03:07]} 33. Nxf7+ {[%emt 0:03:22]} Kd4 {[%emt 0:01:33]} 34. Ng5 {[%emt 0:04:11]} Ra8 {[%emt 0:00:14]} 35. Rxh7 {[%emt 0:00:40]} Rxa3 {[%emt 0:00:39]} 36. Rg7 {[%emt 0:03:49]} b5 {[%emt 0:02:13]} 37. Rxg6 {[%emt 0:00:17]} b4 {[%emt 0:00:06]} 38. Ne6+ {[%emt 0:02:40]} Kc4 {[%emt 0:00:54]} 39. Rg4+ {[%emt 0:01:08]} Kb5 {[%emt 0:00:44]} 40. Ke2 {[%emt 0:03:59]} b3 {[%emt 0:01:38]} 41. Rg5 {[%emt 0:07:44]} b2 {[%emt 0:06:49]} 42. Rxd5 {[%emt 0:01:06]} b1=Q {[%emt 0:01:10]} 43. Rxc5+ {[%emt 0:00:03]} Kb6 {[%emt 0:00:31]} 0-1

[Event "WTCC-65 2018"]
[Site "Radebeul"]
[Date "2018.07.12"]
[Round "6"]
[White "Baum, Bernd"]
[Black "Sharif, Mehrshad"]
[Result "0-1"]
[WhiteElo "2280"]
[BlackElo "2353"]
[Annotator "ChessBase"]
[PlyCount "98"]
[EventDate "2018.07.07"]
[EventType "team-tourn"]
[EventCountry "GER"]
[SourceTitle "playchess.com"]
[Source "ChessBase"]
[SourceQuality "1"]
[TimeControl "40/5400+30:1800+30"]

1. Nf3 {[%emt 0:00:00]} d5 {[%emt 0:00:00]} 2. g3 {[%emt 0:00:00]} Bg4 {[%emt 0:00:02]} 3. Bg2 {[%emt 0:00:00]} c6 {[%emt 0:00:25]} 4. b3 {[%emt 0:05:31]} Nd7 {[%emt 0:01:33]} 5. Bb2 {[%emt 0:00:25]} e6 {[%emt 0:00:30]} 6. c4 {[%emt 0:00:40]} Ngf6 {[%emt 0:00:15]} 7. O-O {[%emt 0:00:32]} Bd6 {[%emt 0:00:52]} 8. d3 {[%emt 0:00:56]} O-O {[%emt 0:00:43]} 9. Nbd2 {[%emt 0:00:36]} Qe7 {[%emt 0:00:45]} 10. Qc2 {[%emt 0:02:19]} h6 {[%emt 0:00:42]} 11. Rac1 {[%emt 0:10:15]} a5 {[%emt 0:03:13]} 12. e4 {[%emt 0:02:46]} dxe4 {[%emt 0:05:47]} 13. dxe4 {[%emt 0:01:17]} e5 {[%emt 0:01:12]} 14. h3 {[%emt 0:02:28]} Bxf3 {[%emt 0:03:37]} 15. Nxf3 {[%emt 0:02:42]} Ba3 {[%emt 0:01:14]} 16. Bxa3 {[%emt 0:11:23]} Qxa3 {[%emt 0:02:09]} 17. Rcd1 {[%emt 0:02:50]} Rfe8 {[%emt 0:02:32]} 18. Nd2 {[%emt 0:07:16]} a4 {[%emt 0:05:38]} 19. Rb1 {[%emt 0:06:12]} axb3 {[%emt 0:01:05]} 20. axb3 {[%emt 0:00:12]} Qb4 {[%emt 0:00:46]} 21. f3 {[%emt 0:16:37]} Nc5 {[%emt 0:01:12]} 22. Rf2 {[%emt 0:00:50]} Rad8 {[%emt 0:07:52]} 23. Bf1 {[%emt 0:01:21]} Rd4 {[%emt 0:00:27]} 24. Rb2 {[%emt 0:01:33]} Red8 {[%emt 0:06:19]} 25. Nb1 {[%emt 0:04:37]} Nh7 {[%emt 0:08:28]} 26. Nc3 {[%emt 0:03:07]} Ng5 {[%emt 0:03:06]} 27. Kg2 {[%emt 0:01:25]} Na6 {[%emt 0:09:18]} 28. Na2 {[%emt 0:02:19]} Qe7 {[%emt 0:03:20]} 29. b4 {[%emt 0:01:40]} Qe6 {[%emt 0:04:56]} 30. Kh2 {[%emt 0:00:42]} Rd2 {[%emt 0:00:54]} 31. Qxd2 {[%emt 0:02:05]} Rxd2 {[%emt 0:00:36]} 32. Rbxd2 {[%emt 0:00:02]} Qf6 {[%emt 0:01:39]} 33. Bg2 {[%emt 0:02:36]} h5 {[%emt 0:01:23]} 34. h4 {[%emt 0:01:34]} Ne6 {[%emt 0:00:15]} 35. Rd7 {[%emt 0:00:56]} g5 {[%emt 0:00:59]} 36. hxg5 {[%emt 0:01:33]} Nxg5 {[%emt 0:00:11]} 37. Rxb7 {[%emt 0:01:47]} h4 {[%emt 0:04:39]} 38. gxh4 {[%emt 0:00:28]} Nxe4 {[%emt 0:00:33]} 39. Re2 {[%emt 0:01:50]} Qf4+ {[%emt 0:01:42]} 40. Kg1 {[%emt 0:00:10]} Ng3 {[%emt 0:00:26]} 41. Rc2 {[%emt 0:06:31]} Qd4+ {[%emt 0:02:51]} 42. Kh2 {[%emt 0:02:05]} Qxh4+ {[%emt 0:02:09]} 43. Kg1 {[%emt 0:00:17]} Qd4+ {[%emt 0:00:47]} 44. Kh2 {[%emt 0:00:32]} Qf4 {[%emt 0:01:38]} 45. Kg1 {[%emt 0:01:22]} Qe3+ {[%emt 0:01:05]} 46. Rf2 {[%emt 0:04:53]} Ne2+ {[%emt 0:05:15]} 47. Kf1 {[%emt 0:00:05]} Nf4 {[%emt 0:03:19]} 48. Rd7 {[%emt 0:17:36]} Nxb4 {[%emt 0:01:20]} 49. Rd1 {[%emt 0:00:08]} Qb3 {[%emt 0:01:43]} 0-1

[Event "WTCC-65 2018"]
[Site "Radebeul"]
[Date "2018.07.12"]
[Round "6"]
[White "Khanukov, Boris"]
[Black "Zhelnin, Vladimir V"]
[Result "0-1"]
[WhiteElo "2273"]
[BlackElo "2453"]
[Annotator "TA"]
[PlyCount "72"]
[EventDate "2018.07.07"]
[EventType "team-tourn"]
[EventCountry "GER"]
[SourceTitle "playchess.com"]
[Source "ChessBase"]
[SourceQuality "1"]

{[%evp 20,72,0,0,0,0,0,0,20,0,18,0,0,0,0,-12,-3,-6,0,0,0,0,12,8,7,4,9,0,13,-38,-42,-25,-30,-27,13,0,0,0,0,0,0,0,0,0,0,-594,-585,-1540,-1446,-29993,-29994,-29994,-29995,-29995,-1547]} 1. Nf3 g6 2. d4 Bg7 3. c4 d6 4. Nc3 Nd7 5. e4 e5 6. Be2 Ne7 7. O-O O-O 8. dxe5 Nxe5 9. Nd4 N7c6 10. Be3 Nxd4 11. Bxd4 c5 {E97: Königsindisch (Klassisches System)} 12. Be3 Be6 $146 ({Vorgänger:} 12... Nc6 13. Qd2 a6 14. Rad1 Nd4 15. Bd3 Be6 16. Ne2 Nc6 17. b3 Qc7 18. Bb1 Rfd8 19. a4 {½-½ (64) Sasot Samplon,E (2160)-Pi Pares,A (2105) Spain 1997}) 13. Nd5 Nc6 {Die Stellung ist ausgeglichen.} 14. Rb1 Re8 15. Nf4 Bd4 16. Bd2 Rb8 17. Qc2 a6 18. a3 Be5 19. Nxe6 Rxe6 20. Bd3 b5 21. b4 Nd4 22. Qd1 Bg7 23. Re1 Qe7 24. bxc5 ({Besser ist} 24. f3 $11) 24... dxc5 $15 25. f4 Rd8 26. e5 f6 {[%cal Rf6e5]} (26... Bh6 {feels hotter.} 27. Bc1 b4 28. Qg4 Bg7 29. Qg3 f6) 27. cxb5 axb5 28. Bxb5 Nxb5 29. Rxb5 fxe5 30. Qe2 e4 $36 {[%mdl 2048] Schwarz steht aktiver.} 31. Be3 Bd4 32. Qc4 $2 {[%mdl 8192] [#]} (32. a4 $11 {und Weiss muss sich keine Sorgen machen.}) 32... Bxe3+ $19 33. Rxe3 Rd1+ 34. Kf2 Qh4+ {Schwarz setzt Matt.} 35. Rg3 Qxf4+ 36. Rf3 e3+ {Precision: Weiß = 49%, Schwarz = 52%.} 0-1

[Event "WTCC-65 2018"]
[Site "Radebeul"]
[Date "2018.07.12"]
[Round "6"]
[White "Stebbings, Anthony J"]
[Black "Haakert, Juergen"]
[Result "1/2-1/2"]
[WhiteElo "2257"]
[BlackElo "2302"]
[Annotator "NA"]
[PlyCount "54"]
[EventDate "2018.07.07"]
[EventType "team-tourn"]
[EventCountry "GER"]
[SourceTitle "playchess.com"]
[Source "ChessBase"]
[SourceQuality "1"]
[TimeControl "40/5400+30:1800+30"]

1. d4 {[%emt 0:00:00]} f5 {[%emt 0:00:00]} 2. Bg5 {[%emt 0:00:00]} g6 {[%emt 0:00:19]} 3. Nc3 {[%emt 0:00:00]} Bg7 {[%emt 0:00:39]} 4. h4 {[%emt 0:00:00]} Nc6 {[%emt 0:00:54]} 5. Nf3 {[%emt 0:10:48]} h6 {[%emt 0:00:55]} 6. Bf4 {[%emt 0:00:21]} d6 {[%emt 0:00:07]} 7. e4 {[%emt 0:04:53]} e5 {[%emt 0:00:20]} 8. dxe5 {[%emt 0:00:09]} fxe4 {[%emt 0:00:10]} 9. Nxe4 {[%emt 0:01:27]} Bf5 {[%emt 0:00:21]} 10. Bd3 {[%emt 0:11:51]} dxe5 {[%emt 0:00:27]} 11. Bd2 {[%emt 0:00:23]} Nf6 {[%emt 0:01:00]} 12. Qe2 {[%emt 0:05:06]} Qe7 {[%emt 0:05:40]} 13. O-O-O {[%emt 0:05:41]} O-O-O {[%emt 0:00:13]} 14. Nxf6 {[%emt 0:07:15]} Qxf6 {[%emt 0:08:12]} 15. Bc3 {[%emt 0:04:39]} Rhe8 {[%emt 0:04:14]} 16. Rhe1 {[%emt 0:07:14]} Qf7 {[%emt 0:10:52]} 17. Bc4 {[%emt 0:02:39]} Rxd1+ {[%emt 0:01:24]} 18. Rxd1 {[%emt 0:00:44]} Qf8 {[%emt 0:00:32]} 19. Qe3 {[%emt 0:03:05]} a6 {[%emt 0:10:20]} 20. Re1 {[%emt 0:01:13]} Bd7 {[%emt 0:05:44]} 21. Bd5 {[%emt 0:03:25]} Nd4 {[%emt 0:02:56]} 22. Be4 {[%emt 0:00:52]} Qf7 {[%emt 0:01:14]} 23. b3 {[%emt 0:02:04]} Kb8 {[%emt 0:05:56]} 24. Kb1 {[%emt 0:01:35]} Nb5 {[%emt 0:01:41]} 25. Bb2 {[%emt 0:00:27]} Nd6 {[%emt 0:00:24]} 26. Nd2 {[%emt 0:02:20]} Rf8 {[%emt 0:12:12]} 27. f3 {[%emt 0:03:06]} Re8 {[%emt 0:02:05]} 1/2-1/2

[Event "WTCC-65 2018"]
[Site "Radebeul"]
[Date "2018.07.12"]
[Round "6"]
[White "Bernard, Christophe"]
[Black "Bartsch, Berthold"]
[Result "1/2-1/2"]
[WhiteElo "2253"]
[BlackElo "2248"]
[Annotator "NA"]
[PlyCount "39"]
[EventDate "2018.07.07"]
[EventType "team-tourn"]
[EventCountry "GER"]
[SourceTitle "playchess.com"]
[Source "ChessBase"]
[SourceQuality "1"]
[TimeControl "40/5400+30:1800+30"]

1. d4 {[%emt 0:00:00]} Nf6 {[%emt 0:01:37]} 2. Nf3 {[%emt 0:00:00]} e6 {[%emt 0:01:10]} 3. c4 {[%emt 0:00:19]} d5 {[%emt 0:00:26]} 4. g3 {[%emt 0:00:30]} Nbd7 {[%emt 0:04:23]} 5. Bg2 {[%emt 0:01:11]} Be7 {[%emt 0:01:06]} 6. O-O {[%emt 0:00:34]} O-O {[%emt 0:00:09]} 7. Qc2 {[%emt 0:01:56]} c6 {[%emt 0:07:41]} 8. Rd1 {[%emt 0:05:24]} b6 {[%emt 0:07:07]} 9. b3 {[%emt 0:26:34]} Bb7 {[%emt 0:00:49]} 10. Nc3 {[%emt 0:06:56]} Rc8 {[%emt 0:00:26]} 11. e4 {[%emt 0:01:19]} dxe4 {[%emt 0:04:14]} 12. Nxe4 {[%emt 0:05:00]} Nxe4 {[%emt 0:00:49]} 13. Qxe4 {[%emt 0:00:04]} Bf6 {[%emt 0:01:09]} 14. Bf4 {[%emt 0:05:34]} Qe7 {[%emt 0:01:40]} 15. Rac1 {[%emt 0:00:56]} Rfd8 {[%emt 0:01:23]} 16. h4 {[%emt 0:00:54]} Ba8 {[%emt 0:04:32]} 17. Ng5 {[%emt 0:04:19]} g6 {[%emt 0:08:12]} 18. Qe2 {[%emt 0:01:07]} c5 {[%emt 0:03:24]} 19. Bxa8 {[%emt 0:00:13]} Rxa8 {[%emt 0:00:02]} 20. dxc5 1/2-1/2

[Event "WTCC-65 2018"]
[Site "Radebeul"]
[Date "2018.07.12"]
[Round "6"]
[White "Kierzek, Matthias"]
[Black "Giffard, Nicolas"]
[Result "1-0"]
[WhiteElo "2247"]
[BlackElo "2260"]
[Annotator "NA"]
[PlyCount "71"]
[EventDate "2018.07.07"]
[EventType "team-tourn"]
[EventCountry "GER"]
[SourceTitle "playchess.com"]
[Source "ChessBase"]
[SourceQuality "1"]
[TimeControl "40/5400+30:1800+30"]

1. d4 {[%emt 0:00:00]} Nf6 {[%emt 0:00:00]} 2. c4 {[%emt 0:00:00]} e6 {[%emt 0:00:04]} 3. Nf3 {[%emt 0:00:00]} d5 {[%emt 0:00:11]} 4. Nc3 {[%emt 0:00:00]} Be7 {[%emt 0:00:07]} 5. Bf4 {[%emt 0:00:15]} O-O {[%emt 0:00:09]} 6. e3 {[%emt 0:00:04]} b6 {[%emt 0:00:06]} 7. cxd5 {[%emt 0:00:07]} Nxd5 {[%emt 0:00:06]} 8. Nxd5 {[%emt 0:00:05]} Qxd5 {[%emt 0:00:07]} 9. Be2 {[%emt 0:00:05]} c5 {[%emt 0:06:53]} 10. Ne5 {[%emt 0:07:47]} cxd4 {[%emt 0:02:10]} 11. Bf3 {[%emt 0:00:41]} Qa5+ {[%emt 0:02:08]} 12. Kf1 {[%emt 0:00:18]} Ba6+ {[%emt 0:00:13]} 13. Kg1 {[%emt 0:00:21]} f6 {[%emt 0:01:47]} 14. Qb3 {[%emt 0:12:31]} fxe5 {[%emt 0:01:17]} 15. Qxe6+ {[%emt 0:00:06]} Kh8 {[%emt 0:00:23]} 16. Qxe7 {[%emt 0:00:32]} Nc6 {[%emt 0:00:10]} 17. Bxc6 {[%emt 0:00:38]} exf4 {[%emt 0:00:26]} 18. Bxa8 {[%emt 0:00:24]} Rxa8 {[%emt 0:00:10]} 19. exd4 {[%emt 0:04:40]} Qd2 {[%emt 0:00:28]} 20. Qa3 {[%emt 0:05:59]} Bb7 {[%emt 0:01:42]} 21. Qc3 {[%emt 0:03:58]} Qe2 {[%emt 0:00:08]} 22. Re1 {[%emt 0:02:56]} Qg4 {[%emt 0:00:16]} 23. f3 {[%emt 0:00:20]} Qh4 {[%emt 0:00:08]} 24. Re5 {[%emt 0:03:14]} h6 {[%emt 0:00:16]} 25. Qe1 {[%emt 0:01:34]} Qd8 {[%emt 0:00:20]} 26. Qf2 {[%emt 0:03:24]} Rc8 {[%emt 0:00:31]} 27. h3 {[%emt 0:00:10]} Rc4 {[%emt 0:05:05]} 28. Kh2 {[%emt 0:00:18]} Rxd4 {[%emt 0:00:07]} 29. Rhe1 {[%emt 0:00:24]} Bc6 {[%emt 0:00:10]} 30. Qc2 {[%emt 0:06:14]} Rd6 {[%emt 0:00:16]} 31. Rf5 {[%emt 0:17:16]} Bxf3 {[%emt 0:06:51]} 32. Qf2 {[%emt 0:02:10]} Bd5 {[%emt 0:04:09]} 33. Qxf4 {[%emt 0:01:17]} Rg6 {[%emt 0:03:36]} 34. Rf8+ {[%emt 0:04:39]} Kh7 {[%emt 0:00:07]} 35. Rxd8 {[%emt 0:00:12]} Rxg2+ {[%emt 0:00:12]} 36. Kh1 {[%emt 0:00:03]} 1-0

[Event "WTCC-65 2018"]
[Site "Radebeul"]
[Date "2018.07.12"]
[Round "6"]
[White "Rahls, Peter"]
[Black "Faibisovich, Vadim Z"]
[Result "1/2-1/2"]
[WhiteElo "2238"]
[BlackElo "2312"]
[Annotator "NA"]
[PlyCount "96"]
[EventDate "2018.07.07"]
[EventType "team-tourn"]
[EventCountry "GER"]
[SourceTitle "playchess.com"]
[Source "ChessBase"]
[SourceQuality "1"]
[TimeControl "40/5400+30:1800+30"]

1. e4 {[%emt 0:00:00]} c5 {[%emt 0:00:00]} 2. Ne2 {[%emt 0:00:02]} Nc6 {[%emt 0:01:48]} 3. Nbc3 {[%emt 0:00:14]} g6 {[%emt 0:04:14]} 4. g3 {[%emt 0:00:21]} Bg7 {[%emt 0:00:49]} 5. Bg2 {[%emt 0:00:16]} e6 {[%emt 0:06:56]} 6. O-O {[%emt 0:00:25]} Nge7 {[%emt 0:01:12]} 7. f4 {[%emt 0:01:21]} d6 {[%emt 0:03:24]} 8. d3 {[%emt 0:00:59]} O-O {[%emt 0:02:59]} 9. Be3 {[%emt 0:06:39]} Nd4 {[%emt 0:04:06]} 10. Qd2 {[%emt 0:02:45]} Rb8 {[%emt 0:01:56]} 11. Nd1 {[%emt 0:01:45]} b5 {[%emt 0:06:38]} 12. g4 {[%emt 0:04:39]} f5 {[%emt 0:03:46]} 13. gxf5 {[%emt 0:10:32]} exf5 {[%emt 0:01:34]} 14. c3 {[%emt 0:00:26]} Nxe2+ {[%emt 0:03:23]} 15. Qxe2 {[%emt 0:00:13]} Qc7 {[%emt 0:04:41]} 16. Nf2 {[%emt 0:01:47]} Re8 {[%emt 0:07:03]} 17. Nh3 {[%emt 0:03:40]} h6 {[%emt 0:04:05]} 18. Qf2 {[%emt 0:04:22]} Be6 {[%emt 0:02:02]} 19. e5 {[%emt 0:07:21]} Rbc8 {[%emt 0:05:40]} 20. d4 {[%emt 0:02:54]} cxd4 {[%emt 0:02:50]} 21. Bxd4 {[%emt 0:01:44]} dxe5 {[%emt 0:05:55]} 22. Bxe5 {[%emt 0:02:09]} Bxe5 {[%emt 0:05:16]} 23. fxe5 {[%emt 0:00:13]} Qxe5 {[%emt 0:04:14]} 24. Rfe1 {[%emt 0:02:11]} Qf6 {[%emt 0:00:39]} 25. Qe3 {[%emt 0:01:10]} Bd5 {[%emt 0:02:40]} 26. Qxh6 {[%emt 0:05:46]} Bxg2 {[%emt 0:00:31]} 27. Kxg2 {[%emt 0:00:14]} Nd5 {[%emt 0:04:34]} 28. Qd2 {[%emt 0:01:58]} Qc6 {[%emt 0:01:34]} 29. Kg1 {[%emt 0:03:49]} Qc5+ {[%emt 0:01:02]} 30. Qf2 {[%emt 0:02:03]} Qxf2+ {[%emt 0:02:44]} 31. Kxf2 {[%emt 0:00:43]} Kf7 {[%emt 0:00:57]} 32. Rxe8 {[%emt 0:01:50]} Rxe8 {[%emt 0:00:18]} 33. Rd1 {[%emt 0:00:27]} Nf6 {[%emt 0:02:46]} 34. Ng5+ {[%emt 0:01:42]} Kg7 {[%emt 0:00:09]} 35. Rd6 {[%emt 0:02:44]} Ng4+ {[%emt 0:00:49]} 36. Kg3 {[%emt 0:02:51]} Re2 {[%emt 0:01:33]} 37. h4 {[%emt 0:02:39]} Rxb2 {[%emt 0:01:30]} 38. Ra6 {[%emt 0:00:29]} Rc2 {[%emt 0:00:26]} 39. Rxa7+ {[%emt 0:00:27]} Kf6 {[%emt 0:00:46]} 40. Ra6+ {[%emt 0:04:27]} Kg7 {[%emt 0:00:49]} 41. Ra7+ {[%emt 0:31:49]} Kf6 {[%emt 0:30:10]} 42. Ra6+ {[%emt 0:07:04]} Ke5 {[%emt 0:00:48]} 43. Re6+ {[%emt 0:00:00]} Kd5 {[%emt 0:00:08]} 44. Rxg6 {[%emt 0:00:00]} Rxc3+ {[%emt 0:00:38]} 45. Kf4 {[%emt 0:00:01]} Rc4+ {[%emt 0:01:15]} 46. Kg3 {[%emt 0:01:43]} Rc3+ {[%emt 0:00:50]} 47. Kf4 {[%emt 0:01:23]} Rc4+ {[%emt 0:00:07]} 48. Kg3 {[%emt 0:00:56]} Rc3+ {[%emt 0:00:12]} 1/2-1/2